Java a fondo: curso de programación (Registro nro. 4443)
[ vista simple ]
| 000 -CABECERA | |
|---|---|
| campo de control de longitud fija | 00937aam a2200361 4500 |
| 005 - FECHA Y HORA DE ACTUALIZACIÓN | |
| campo de control | 20230627175756.0 |
| 008 - LONGITUD FIJA | |
| campo de control de longitud fija | 150409b2016 xxu||||| |||| 00| 0 spa d |
| 020 ## - INTERNATIONAL STANDARD BOOK NUMBER | |
| Número Internacional Estándar del Libro | 9789873832116 |
| 041 ## - IDIOMA | |
| Código de idioma del texto/pista de sonido o título separado | Español |
| 082 ## - CLASIFICACIÓN DECIMAL DEWEY | |
| Número de clasificación | 005.13 Sz998j3 |
| 100 ## - AUTOR PERSONAL | |
| Nombre de persona | Sznajdleder, Pablo Augusto |
| 245 ## - TÍTULO PROPIAMENTE DICHO | |
| Título | Java a fondo: curso de programación |
| 250 ## - EDICIÓN | |
| Mención de edición | 3 edición |
| 260 ## - PIE DE IMPRENTA | |
| Lugar de publicación, distribución, etc. | México |
| 260 ## - PIE DE IMPRENTA | |
| Nombre del editor, distribuidor, etc. | Alfaomega |
| 260 ## - PIE DE IMPRENTA | |
| Fecha de publicación, distribución, etc. | 2016 |
| 300 ## - DESCRIPCIÓN FÍSICA | |
| Extensión | 462 páginas |
| 650 ## - Materia General | |
| Materia general | INFORMÁTICA |
| 650 ## - Materia General | |
| Materia general | JAVA |
| 650 ## - Materia General | |
| Materia general | C |
| 650 ## - Materia General | |
| Materia general | C++ |
| 650 ## - Materia General | |
| Materia general | CADENAS |
| 650 ## - Materia General | |
| Materia general | JDK |
| 650 ## - Materia General | |
| Materia general | PROGRAMACIÓN ORIENTADA A OBJETOS |
| 650 ## - Materia General | |
| Materia general | HERENCIA |
| 650 ## - Materia General | |
| Materia general | POLIMORFISMO |
| 650 ## - Materia General | |
| Materia general | INTERFACES |
| 650 ## - Materia General | |
| Materia general | XML |
| 650 ## - Materia General | |
| Materia general | ESTRUCTURAS DE DATOS |
| 650 ## - Materia General | |
| Materia general | FRAMEWORKS |
| 650 ## - Materia General | |
| Materia general | NETWORKING |
| 942 ## - Punto de Acceso Adicional Koha | |
| Tipo de ítem Koha | Libro |
| Estado perdido | Estado dañado | No para préstamo | Biblioteca permanente | Biblioteca actual | Signatura completa | Código de barras | Tipo de ítem |
|---|---|---|---|---|---|---|---|
| Departamento de Biblioteca y Documentación Alfonso Chase Brenes | Departamento de Biblioteca y Documentación Alfonso Chase Brenes | 005.13 Sz998j3 | 23817 | Libro |